000 003420000a22001450004500
003 MACL
040 _aMACL
090 _c33913
_d33911
100 _aChauhan, Dr S K
245 _aComputer System Design and Troublshooting
260 _bGalgotia Publications
_c1997
350 _a150
650 _aComputer probraming
942 _cBOOK
_k005/Cha
999 _c33557
_d33557